000 00492nam a2200157 a 4500
001 000043213
005 20201002040728.0
008 140225s2007 pr 000 0 spa d
020 _a1932913211
040 _aDO-SdBNP
_bspa
_cBNPHU
082 _axxxxxxx
_bxxxxxxx
100 1 _aCenteno, Carmen
_970807
245 1 0 _aLengua, identidad nacional y posmodernidad :
_bensayos desde el Caribe /
_cCarmen Centeno.
260 _aSan Juan, Puerto Rico, :
_bHuracán,
_c2007.
300 _a184 p. ;
_c20 cm.
999 _c42702
_d42702